| 000 | 00538nam a2200169 4500 | ||
|---|---|---|---|
| 001 | 137613 | ||
| 003 | ES-MaACL | ||
| 005 | 20230906195416.0 | ||
| 007 | t| | ||
| 008 | 070214s1928 sp r ||||1| spa d | ||
| 100 | 1 |
_aSalazar Mouliáa, Zacarías. _9101825 |
|
| 245 | 1 | 0 |
_aGanadería española _b: (temas agropecuarios) / _cZ. Salazar. |
| 260 |
_aMadrid : _b[s. n.], _c1928 ( _fHuelves) |
||
| 300 |
_a204 p. ; _c19 x 13 cm. |
||
| 500 | _aContiene: Alimentación ; Razas ; Mejora y explotación del ganado. | ||
| 852 |
_aES-MaACL _jF-13742 |
||
| 999 |
_c137613 _d137613 |
||